00348nam a2200133Ia 45000010005000000080041000050200022000460820023000681000018000912450042001092600021001519010027001729990015001992825241024s9999 xx 000 0 und d a978-9945-00-717-6 aRD/920.07293/D542s aJosé Díaz 0aNi santo ni mesías: solo Juan Bosch bEd. Búhoc2012 a4/4/2013 12:13:57 p.m. c7679d7679